00921cam a2200205 a 450000500170000000800410001702000150005804000500007304100080012310000370013124501510016826000660031930000410038549000520042650400530047854100740053165000490060565000440065465000170069820160830143252.0160830s1996 mx ad fr 001 0 spa d a9681646762 aCO-BoUCMbspacSandra PalaciodSandra Palacio1 aspa1 aMuñoz Izquierdo, Carlosd1937-10aOrigen y consecuencias de las desigualdades educativasbinvestigaciones realizadas en América Latina sobre el problemacCarlos Muñoz Izquierdo aMéxico, D.F. (Colombia)bFondo de Cultura Económicac1996 a235 páginasbilustraciones, tablas0 aSección de obras de educación y pedagogía aIncluye referencias bibliográficas e índices aFondo de Cultura económica;cCompra;d2011/Sep./20;h$33.150;n1 c.17aIgualdad en la educaciónzAmérica Latina27aPedagogía críticazAmérica Latina27aEducación